书目信息 |
| 题名: |
电子电路设计基础
|
|
| 作者: | 斯潘塞, , 高斯, 著 ;张为 译 | |
| 分册: | ||
| 出版信息: | 北京 电子工业出版社 2005.10 |
|
| 页数: | 819页 | |
| 开本: | 26cm | |
| 丛书名: | 国外电子与通信教材系列 | |
| 单 册: | ||
| 中图分类: | TN710.02 | |
| 科图分类: | ||
| 主题词: | 电子电路--dian zi dian lu--电路设计--教材 | |
| 电子资源: | ||
| ISBN: | 7-121-01255-3 | |
| 000 | 01516nam 2200337 450 | |
| 001 | 012006518428 | |
| 005 | 20061124154645.10 | |
| 010 | @a7-121-01255-3@dCNY88.00 (含光盘) | |
| 100 | @a20060610d2005 km y0chiy0120 ea | |
| 101 | 1 | @achi@ceng |
| 102 | @aCN@b110000 | |
| 105 | @aa a 000yy | |
| 200 | 1 | @a电子电路设计基础@Adian zi dian lu she ji ji chu@d= Introduction to electronic circuit design@f(美) Richard R. Spencer, Mohammed S. Ghausi著@F(mei)Richard R.Spencer,Mohammed S.Ghausi zhu@g张为等译@Gzhang wei deng yi@zeng |
| 210 | @a北京@c电子工业出版社@d2005.10 | |
| 215 | @a819页@c图@d26cm@e光盘1片 | |
| 225 | 2 | @a国外电子与通信教材系列@Aguo wai dian zi yu tong xin jiao cai xi lie |
| 305 | @a据2003年英文版译出 | |
| 306 | @a由电子工业出版社和Pearson Education培生教育出版亚洲有限公司合作出版 | |
| 307 | @a光盘 ISBN: 7-89496-721-1 | |
| 314 | @a责任者 (Spencer) 规范汉译姓: 斯潘塞; 编目员自译责任者 (Ghausi) 汉译姓: 高斯。 | |
| 320 | @a有书目。 | |
| 330 | @a本书的主要内容包括:电子电路设计,半导体物理与电子器件,固态器件的制造,计算机辅助设计的工具与技巧,运算放大器等。 | |
| 410 | 0 | @12001 @a国外电子与通信教材系列 |
| 510 | 1 | @aIntroduction to electronic circuit design@zeng |
| 606 | 0 | @a电子电路@Adian zi dian lu@x电路设计@j教材 |
| 690 | @aTN710.02@v4 | |
| 701 | 1 | @a斯潘塞,@Asi pan sai,@bR. R.@g(Spencer, Richard R.)@4著 |
| 701 | 1 | @a高斯,@Agao si,@bM. S.@g(Ghausi, Mohammed S.)@4著 |
| 702 | 0 | @a张为@Azhang wei@4译 |
| 801 | 0 | @aCN@c20061124 |
| 905 | @a10447@dTN710.02@eS709 | |
| 电子电路设计基础= Introduction to electronic circuit design/(美) Richard R. Spencer, Mohammed S. Ghausi著/张为等译.-北京:电子工业出版社,2005.10 |
| 819页:图;26cm+光盘1片.-(国外电子与通信教材系列) |
| ISBN 7-121-01255-3:CNY88.00 (含光盘) |
| 本书的主要内容包括:电子电路设计,半导体物理与电子器件,固态器件的制造,计算机辅助设计的工具与技巧,运算放大器等。 |
| ● |
| 相关链接 |
|
|
|
正题名:电子电路设计基础
索取号:TN710.02/S709
 
预约/预借
| 序号 | 登录号 | 条形码 | 馆藏地/架位号 | 状态 | 备注 |
| 1 | 581614 | 205816143 | 自科库301/301自科库 23排4列2层/ [索取号:TN710.02/S709] | 在馆 | |
| 2 | 581615 | 205816152 | 自科库301/301自科库 31排1列5层/ [索取号:TN710.02/S709] | 在馆 | |
| 3 | 581616 | 205816161 | 自科库301/301自科库 23排4列2层/ [索取号:TN710.02/S709] | 在馆 | |
| 4 | 616300 | 206163006 | 自科库301/301自科库 31排1列5层/ [索取号:TN710.02/S709] | 在馆 | |
| 5 | 616301 | 206163015 | 自科库301/301自科库 23排4列2层/ [索取号:TN710.02/S709] | 在馆 |